Word Ladder: The Dark Knight and Alter Ego Quiz Stats

 Plays Quiz Updated Apr 2, 2018

Score 0/22 Timer 03:00
4 Plays Today
Hint Answer % Correct
SUPERHERO (3-Letter Ladder)••• BAT •••
98.7%
SUPERHERO (3-Letter Ladder)RED
97.1%
SUPERHERO (3-Letter Ladder)FAT
95.4%
ALTER EGO (5-Letter Ladder)••• BRUCE •••
95.1%
SUPERHERO (3-Letter Ladder)FAD
94%
SUPERHERO (3-Letter Ladder)DAM
93.7%
SUPERHERO (3-Letter Ladder)RAD
92.6%
SUPERHERO (3-Letter Ladder)DAN
91.9%
ALTER EGO (5-Letter Ladder)PRIME
91.9%
ALTER EGO (5-Letter Ladder)PRICE
91.6%
ALTER EGO (5-Letter Ladder)CRIME
90.3%
Hint Answer % Correct
SUPERHERO (3-Letter Ladder)R.E.M.
88.3%
ALTER EGO (5-Letter Ladder)••• WAYNE •••
87.4%
SUPERHERO (3-Letter Ladder)HEM
85.9%
SUPERHERO (3-Letter Ladder)HAM
84.2%
ALTER EGO (5-Letter Ladder)TRUCE
83.8%
ALTER EGO (5-Letter Ladder)TRICE
79.6%
SUPERHERO (3-Letter Ladder)••• MAN •••
78%
ALTER EGO (5-Letter Ladder)PAYNE
77.2%
ALTER EGO (5-Letter Ladder)PAINE
70.9%
ALTER EGO (5-Letter Ladder)CAINE
67.7%
ALTER EGO (5-Letter Ladder)CRINE
64.5%

Today's Daily Dose

You're not logged in!

Compare scores with friends on all Sporcle quizzes.
OR
Log In

You Might Also Like...

Show Comments

Extras

Top Quizzes Today


Score Distribution

Your Account Isn't Verified!

In order to create a playlist on Sporcle, you need to verify the email address you used during registration. Go to your Sporcle Settings to finish the process.

Report this User

Report this user for behavior that violates our Community Guidelines.

Details: